Kings and Queens of England - Statistics

General Stats
  • This quiz has been taken 486 times
    357 since last reset
  • The average score is 15 of 20
Answer Stats
Hint Answer % Correct
Married to Margret of Anjou, defeated by Edward IV Henry VI
92%
The first of the Norman Kings William the Conquerer
92%
His marriage to the daughter of York ended the War of the Roses Henry VII
90%
Known as the "Virgin Queen" or "Good Queen Bess" Elizabeth I
89%
The second longest reigning monarch of England Queen Victoria
89%
Married 6 times Henry VIII
88%
One of the "Princes of the Tower" Edward V
84%
Father of Queen Elizabeth II George VI
84%
Abdicated the throne in order to marry an divorced American woman Edward VII
80%
Signed the Magna Carta John
80%
Known as the mad king George III
79%
Queen for 9 days Lady Jane Grey
77%
The first ordained female monarch of England Mary I
75%
The nickname of Richard I Richard the Lionheart
75%
Accused of killing his 2 nephews in the Tower of London Richard III
73%
Married Elizabeth Woodville Edward IV
60%
Last Monarch of England Anne
57%
Mother of King John and Richard I Eleanor of Aquitaine
45%
The Mother of Henry VII Margaret Beaufort
31%
Two monarchs that ruled jointly William III and Mary II
27%
No matching quizzes found
Score Distribution
Percent of People with Each Score
Percentile by Number Answered
Your Score History
You have not taken this quiz since the last reset